British Pop Culture Groups of Things - Statistics

General Stats
  • This quiz has been taken 438 times
  • The average score is 30 of 55
Answer Stats
Answer % Correct
Simon Cowell
90%
Tesco
83%
21
81%
Harry Potter and the Philosopher's Stone
80%
EastEnders
79%
19
78%
25
78%
Coronation Street
78%
ITV
77%
Asda
75%
Harry Potter and the Chamber of Secrets
74%
30
73%
Sainsbury’s
73%
BBC One
72%
BBC Two
72%
Channel 4
72%
Harry Potter and the Deathly Hallows
72%
Harry Potter and the Goblet of Fire
72%
Harry Potter and the Prisoner of Azkaban
72%
Emmerdale
69%
Harry Potter and the Half-Blood Prince
69%
Morrisons
69%
Andy Murray
67%
Channel 5
65%
David Walliams
64%
Hollyoaks
64%
Amanda Holden
63%
Harry Potter and the Order of the Phoenix
63%
Mark “The Beast” Labbett
61%
Oasis
59%
Holly Willoughby
58%
Anne “The Governess” Hegerty
57%
Blur
55%
Philip Schofield
51%
Shaun “The Dark Destroyer” Wallace
51%
Alesha Dixon
49%
Lee Mack
47%
Paul “The Sinnerman” Sinha
46%
David Mitchell
44%
Jenny “The Vixen” Ryan
44%
Rob Brydon
41%
Alison Hammond
40%
Davina McCall
36%
Dermot O’Leary
36%
Will Young
29%
Emma Raducanu
27%
Bucks Fizz
26%
Daragh “The Menace” Ennis
23%
Lulu
23%
Sandie Shaw
22%
Katrina and the Waves
21%
Emma Willis
19%
Brotherhood of Man
16%
Michelle McManus
12%
Brian Dowling
8%
No matching quizzes found
Score Distribution
Percent of People with Each Score
Percentile by Number Answered
Your Score History
You have not taken this quiz